Movies Quiz

Random Movies or Director Quiz
Score 0/100 Timer 15:00
0 Plays Today
% Correct
Airplane!
85.8%
Groundhog Day
82.9%
Anchorman: The Legend of Ron Burgundy
82.3%
Borat: Cultural Learnings of America for Make Benefit Glorious Nation of Kazakhstan
82.1%
Annie Hall
82%
Some Like it Hot
81.3%
There's Something About Mary
79.2%
Ghostbusters
79.1%
Big Lebowski, The
78.3%
Naked Gun, The
76.6%
Dumb and Dumber
76.1%
Austin Powers: International Man of Mystery
75.8%
When Harry Met Sally
74.6%
Wayne's World
74.1%
Hangover, The
72.5%
Monty Python and the Holy Grail
70.8%
Blues Brothers, The
70.8%
Ace Ventura: Pet Detective
69.4%
Blazing Saddles
68.9%
Planes, Trains and Automobiles
68.8%
Coming to America
67.4%
Trading Places
67.3%
This Is Spinal Tap
67.2%
South Park: Bigger, Longer & Uncut
67%
Dr Strangelove
66.4%
Princess Bride, The
66.2%
National Lampoon's Vacation
65.4%
Four Weddings and a Funeral
65.3%
Mean Girls
64.3%
Zoolander
64.1%
¡Three Amigos!
63.9%
Tootsie
63.9%
Shaun of the Dead
63.7%
Fish Called Wanda, A
63.6%
% Correct
Odd Couple, The
62%
Jerk, The
61.8%
Happy Gilmore
61.7%
Sister Act
61.7%
Young Frankenstein
61.4%
Napoleon Dynamite
61%
Bridesmaids
61%
Raising Arizona
60.9%
Royal Tenenbaums, The
60.7%
Caddyshack
60.7%
Duck Soup
57.9%
Arthur
57.2%
Dodgeball: A True Underdog Story
56.9%
Office Space
56.6%
Hot Fuzz
56.3%
Monty Python's Life of Brian
56.1%
Elf
55.2%
Little Miss Sunshine
55.1%
Monty Python's The Meaning of Life
55%
Galaxy Quest
54.9%
Old School
53.8%
Rushmore
52.6%
Best in Show
52.4%
Clerks
51.6%
Dirty Rotten Scoundrels
51%
National Lampoon’s Animal House
51%
Kingpin
50.6%
Apartment, The
49.6%
Swingers
49.2%
King of Comedy, The
49%
Producers, The
48.6%
Team America: World Police
45.7%
Great Dictator, The
44.9%
BASEketball
42.2%
% Correct
Pink Panther, The
42%
Pink Panther Strikes Again, The
41.8%
Stir Crazy
41.7%
Man with Two Brains, The
41.4%
Brazil
41.4%
Harold and Maude
41.1%
Midnight Run
40.2%
Top Secret!
38.5%
Night at the Opera, A
36.8%
Waiting for Guffman
36.7%
General, The
35.8%
Withnail & I
35.5%
His Girl Friday
31.9%
Arsenic and Old Lace
31.9%
Bananas
30.2%
In the Loop
28.4%
Broadway Danny Rose
27.1%
Ladykillers, The
26.9%
Kind Hearts and Coronets
26.7%
Mr Hulot's Holiday
24.1%
Four Lions
24%
Sleeper
22.5%
Sullivan's Travels
21.8%
Bedazzled
20.8%
Carry On Screaming!
18%
Play It Again Sam
17.9%
Way Out West
17.2%
Love and Death
15.5%
Clockwise
15.3%
Castle, The
12%
Party, The
10.8%
Nuts In May
7.7%
Remove Ads.
Support Sporcle.
Get the best of Sporcle when you Go Orange. This ad-free experience offers more features, more stats, and more fun while also helping to support Sporcle. Thank you for becoming a member.

You're not logged in!

Compare scores with friends on all Sporcle quizzes.
OR
Log In

Show Comments

Extras

Top Quizzes Today


Score Distribution

Your Account Isn't Verified!

In order to create a playlist on Sporcle, you need to verify the email address you used during registration. Go to your Sporcle Settings to finish the process.

Report this User

Report this user for behavior that violates our Community Guidelines.

Details: